006050000a22001690004500060000800000082002000008100001600028245007900044260005600123260000900179300000800188490005000196650004500246942000700291999001900298952011800317 a100 a581.072 GLIL.07 aNair, P K K aGlimpses in plant growth.V VIII. Aspects of energy and environment studies aNew Delhi, Today & Tomorrow s printers & Publishers c1986 a202 aAspects of energy and environment studies.V.7 aResearch/ Plant Resins/ Micropropagation cBK c353504d353504 00104070aKAUCOAVbKAUCOAVd2014-05-02l0o581.072 GLIL.07pKAU_COAV-22577r2014-05-02 00:00:00w2014-05-02yBK